Criminología psicológica (Registro nro. 160692)

Detalles MARC
000 -LEADER
fixed length control field 01303nam a22002297a 4500
008 - FIXED-LENGTH DATA ELEMENTS--GENERAL INFORMATION
fixed length control field 110824t2011 mx |s|||| 00| 0 spa d
020 ## - INTERNATIONAL STANDARD BOOK NUMBER
International Standard Book Number 978-607-09-0787-6
035 ## -
-- 5719
040 ## - CATALOGING SOURCE
Original cataloging agency vLex
090 ## -
-- 2261
-- 2261
100 1# - MAIN ENTRY--PERSONAL NAME
Personal name Hikal Carreón, Wael Sarwat
245 10 - TITLE STATEMENT
Title Criminología psicológica
Statement of responsibility, etc Wael Sarwat Hikal Carreón
Medium [Recurso electrónico] /
256 ## -
-- Servicio en línea.
260 ## - PUBLICATION, DISTRIBUTION, ETC. (IMPRINT)
Place of publication, distribution, etc [Brasil] :
Name of publisher, distributor, etc Editorial Porrúa,
Date of publication, distribution, etc 2011
500 ## - GENERAL NOTE
General note El motivo de este libro es cubrir las carencias que la Criminología ha tenido en su desarrollo. Con esta nueva "propuesta" se pretende impulsar un cambio en la literatura y en la investigación científica criminológica, tan necesaria desde diversos aspectos que el lector notará durante el texto, y que se basan en: lo político, académico, científico y laboral.
506 1# - RESTRICTIONS ON ACCESS NOTE
Terms governing access Contenido solo disponible en los productos indicados
Authorized users vLex Global
-- vLex Global (Academic Edition, excluding Law Schools)
-- vLex Global (U.S. Academic Edition, Law Schools)
-- vLex Global (U.S. Academic Edition, excluding Law Schools)
-- vLex Global (Academic Edition, Law Schools)
650 04 - SUBJECT ADDED ENTRY--TOPICAL TERM
Topical term or geographic name as entry element Criminología
740 0# -
-- vLex Libros (Servicio en línea)
856 40 - LOCALIZACIÓN Y ACCESO ELECTRÓNICO
Identificador Uniforme del Recurso (URI/URL) https://app.vlex.com/#/sources/5719
942 ## -
-- RAA
999 ## -
-- 160692
-- 160692

No hay ítems disponibles.


CONTACTO


NOSOTROS


SITIOS DE INTERES

coordinacion.biblioteca.biblioteca@unienlinea.mx Misión, Visión y Objetivos Bases de datos
Directorio Bibliotecas Digitales y Repositorios
Normatividad Revistas y artículos
Convenios interbibliotecarios
Boletines



Hecho en México. Universidad Insurgentes (UIN). Todos los derechos reservados 2024. Esta página y sus contenidos pueden ser reproducidos con fines no lucrativos, siempre y cuando no se mutile, se cite la fuente completa y su dirección electrónicas. De otra forma requiere permiso previo por escrito de la institución




2024 Copyright Universidad Insurgentes | www.bibliouin.com.mx